| 000 | 00452 a2200133 4500 | ||
|---|---|---|---|
| 001 | ART_7096 | ||
| 005 | 20260410161719.0 | ||
| 008 | 260409a | ||
| 245 | 1 | 0 | _aInformación sobre la gestión medioambiental de las empresas |
| 100 | 1 | _aFronti de García, Luisa | |
| 700 | 1 | _aGranada Abárzuza, María del Carmen | |
| 700 | 1 | _aGarcía Fronti, Inés M. | |
| 773 | 0 |
_tContabilidad y auditoría _g- Año 6, Nº 11 (jun. 2000) _wREV1723 |
|
| 999 |
_c16827 _d16827 |
||